Ruský multivektor

Bibliographic Details
Main Author: Palata, Radek, 1971- (Author)
Format: Article
Language:Slovak
ISSN:1335-4426
Subjects:

MARC

LEADER 00000nab a2200000 a 4500
001 vtls001492028
003 SK-MaSNL
005 20260304050154.0
008 050203c2005 xo mr|p|||||||000 b|slo
015 |a SNBRB2005/02  |2 snkbucl 
040 |a SNKBUCL  |b slo  |c SNKBUCL  |e AACR2 
041 0 |a slo 
044 |a xo  |c SK 
080 |a 327  |x (470+571:510)  |2 UDC-MRF-SK2 
080 |a 339  |x (470+571:510)  |2 UDC-MRF-SK2 
100 1 |a Palata, Radek,  |d 1971-  |4 aut  |9 103309 
245 1 0 |a Ruský multivektor  |c Radek Palata 
650 0 7 |a vzťahy  |2 snkbucl  |9 23456 
651 7 |a Rusko  |2 snkbucl  |9 17250 
651 7 |a Čína  |2 snkbucl  |9 21369 
773 0 |t Domino fórum  |g Roč. XIV, č. 2 (2005), s. 11  |x 1335-4426 
852 |a SNK  |b KIS3GCP 
999 |c 2696896  |d 2698826